| 000 | 00564nam a2200193 a 4500 | ||
|---|---|---|---|
| 005 | 20140412111416.0 | ||
| 008 | 070814s19uu xx 00 eng d | ||
| 020 | _a0-59-048659-4 | ||
| 050 |
_aTR(GS 001.55 _bH65 1983 |
||
| 100 | _aHoban , Tana | ||
| 245 |
_aI read signs / _cTana Hoban. |
||
| 260 |
_aNew York : _bGreenwillow books, _c1983. |
||
| 300 | _a32 | ||
| 520 | _aIntroduces signs and symbols frequently seen along the street. | ||
| 650 | _aTraffic signs and signals | ||
| 650 | _aStreet signs | ||
| 650 | _aSigns and signboards | ||
| 999 |
_c105835 _d105835 |
||